PTFS Quiz - Statistics

General Stats
  • This quiz has been taken 381 times
  • The average score is 7 of 14
Answer Stats
Question Answer % Correct
What is the name of the second-most popular international airport on the island of Greater Rockford? Mellor
83%
Which airport has crossing runways? Perth
74%
What colour does your chat turn if you become an ATC tower? Yellow
69%
What is the only airliner that needs Group Access to fly? Concorde
65%
What is the name of the only airport to have letters on their runways? Greater Rockford
49%
What is the most common destination when you fly out of Grindavik? Greater Rockford
49%
What is the only plane you can spawn at the Training Centre? Cessna 172
48%
How many runways does Izolirani have? One
40%
Which airline has recently been added to the McDonnell Douglas MD-11? Swiss Airlines
39%
What type of Boeing 737 is it in PTFS? 737-800
34%
Which plane only has the airlines 'British Airways' and 'Yeti Airlines'? DHC-6 Twin Otter
33%
What is the largest plane selectable in the 'Light Aircraft' section? Bombardier Learjet
27%
What is the most common airline in the whole of PTFS? British Airways
25%
Which international airport has no designated gates? Sauthemptona
20%
No matching quizzes found
Score Distribution
Percent of People with Each Score
Percentile by Number Answered
Your Score History
You have not taken this quiz